Anales

Guardat en:
Dades bibliogràfiques
Autor principal: Tácito, Cornelio (Autor)
Format: Llibre
Idioma:espanyol
Publicat: Madrid Gredos 1979
Col·lecció:Biblioteca Clásica Gredos, 19 - 30
Matèries:
Etiquetes: Afegir etiqueta
Sense etiquetes, Sigues el primer a etiquetar aquest registre!

MARC

LEADER 00000nam a2200000 a 4500
001 UCP4020
003 CL-VaPUC
008 990709e19790000SP |||||||||||||||||spa|d
082 0 4 |a 937.07  |b TAC  |2 21 
100 0 |a Tácito, Cornelio  |e author  |9 431434 
245 1 0 |a Anales 
300 |a 2 v 
942 |c BK 
945 |d 19990709 00:00:00  |a lriquelm 
260 |a Madrid  |b Gredos  |c 1979 
500 |a v.1: Libros I -VI 
500 |a v.2: Libros XI - XVI 
650 0 |a Historia  |9 255047 
650 0 |a Investigación histórica  |9 344844 
650 0 |a Biografías  |9 255210 
651 0 |a Roma   |9 255106 
583 |a last modification  |c 19990709 00:00:00  |k Rodrigo Vera 
490 0 |a Biblioteca Clásica Gredos, 19 - 30 
999 |c 282100  |d 282098 
952 |0 0  |1 0  |4 0  |6 937_070000000000000_TAC_1979  |7 0  |8 X  |9 323525  |a BIBHIS  |b BIBHIS  |d 2019-11-20  |h v.1  |i 1364537  |o 937.07 TAC 1979  |p 1364537  |r 2024-01-30  |w 2019-11-20  |y BK_X  |k HIS 
952 |0 0  |1 0  |4 0  |6 937_070000000000000_TAC_1979  |7 0  |8 X  |9 323526  |a BIBHIS  |b BIBHIS  |d 2019-11-20  |h v.2  |i 1364545  |o 937.07 TAC 1979  |p 1364545  |r 2024-01-30  |w 2019-11-20  |y BK_X  |k HIS